Návrh zariadenia nanášajúceho vrstvu oleja na príruby prevodoviek

Gespeichert in:
Bibliographische Detailangaben
1. Verfasser: Janák, Martin (Verfasst von)
Weitere Verfasser: Slovák, Pavol (Betreuung Doktorarbeit)
Format: Manuskript Buch
Sprache:Slowakisch
Veröffentlicht: 2019
Schlagworte:
Online-Zugang:http://is.stuba.sk/zp/portal_zp.pl?podrobnosti=137229
Tags: Tag hinzufügen
Keine Tags, Fügen Sie das erste Tag hinzu!

MARC

LEADER 00000ntm a22000003a 4500
001 stuzp74364
003 SK-STU
005 20190608213118.5
007 ta
008 150427s2015----xo-----f-mn---000-0-slo-d
040 |a STU  |b slo 
041 0 |a slo 
100 1 |a Janák, Martin  |u 020030  |4 aut  |U SjF Strojnícka fakulta  |T SjF Ústav dopravnej techniky a konštruovania  |X 87742  |U J0030  |Y 806  |7 87742 
242 0 1 |a Proposal of a machine designed to spread an oil layer on the gearbox flanges  |y eng 
245 1 0 |a Návrh zariadenia nanášajúceho vrstvu oleja na príruby prevodoviek 
260 |c 2019 
650 4 |a prevodovka  |2 slo 
650 4 |a olej  |2 slo 
650 4 |a pneumatický systém  |2 slo 
650 4 |a konštrukčný návrh  |2 slo 
650 4 |a výrobná linka  |2 slo 
650 4 |a gearbox  |2 eng 
650 4 |a oil  |2 eng 
650 4 |a pneumatic system  |2 eng 
650 4 |a design  |2 eng 
650 4 |a production line  |2 eng 
700 1 |a Slovák, Pavol  |u 020030  |k Z1  |4 ths  |U SjF Strojnícka fakulta  |T SjF Ústav dopravnej techniky a konštruovania  |X 2338  |U J0030  |Y 806  |7 A000002338 
856 4 |u http://is.stuba.sk/zp/portal_zp.pl?podrobnosti=137229 
996 |b 284J045914  |c J* 3024/DBP  |l JJSK  |s A  |a 24  |w stuzp74364_0001